000 00602nam a2200241Ia 4500
003 OSt
005 20221005131827.0
006 a|||||r|||| 00| 0
007 ta
008 221004b |||||||| |||| 00| 0 eng d
024 _a49103
037 _cTextual
040 _aCRL
_cCRL
_beng
041 _2eng
_aeng
082 _aP15:A, J2
100 _aJha Vishveshwar
_9640143
245 0 _aSvaravedic prasanotri
260 _c1952
490 _aHaridas Sanskrit Granthmala,137
650 _aLINGUISTICS
942 _hP15:A, J2
_cTEXL
_2cc
999 _c1061535
_d1061535